[Event "euyr2018"]
[Site "?"]
[Date "2018.05.27"]
[Round "9.1"]
[White "Cabala, Nathan"]
[Black "Sahidi, Samir"]
[Result "0-1"]
[BlackElo "2307"]
[WhiteElo "1892"]
[LiveChessVersion "1.4.8"]

1. b3 {[%clk 0:20:13]} Nf6 {[%clk 0:20:17]} 2. Bb2 {[%clk 0:20:21]} g6
{[%clk 0:20:25]} 3. d3 {[%clk 0:20:27]} Bg7 {[%clk 0:20:33]} 4. Nf3
{[%clk 0:20:35]} O-O {[%clk 0:20:41]} 5. g3 {[%clk 0:20:42]} c5 {[%clk 0:20:33]}
6. Bg2 {[%clk 0:20:03]} Nc6 {[%clk 0:20:33]} 7. O-O {[%clk 0:20:08]} d6
{[%clk 0:20:02]} 8. Nbd2 {[%clk 0:20:03]} Bd7 {[%clk 0:20:04]} 9. Re1
{[%clk 0:19:11]} Qc7 {[%clk 0:19:44]} 10. e4 {[%clk 0:18:41]} e5 {[%clk 0:19:22]}
11. Nf1 {[%clk 0:17:23]} Nd4 {[%clk 0:18:45]} 12. c3 {[%clk 0:17:04]} Nxf3+
{[%clk 0:18:17]} 13. Bxf3 {[%clk 0:17:09]} Rac8 {[%clk 0:17:42]} 14. Rc1
{[%clk 0:16:36]} b5 {[%clk 0:16:55]} 15. a3 {[%clk 0:15:54]} Be6 {[%clk 0:16:13]}
16. d4 {[%clk 0:15:26]} h5 {[%clk 0:15:46]} 17. Ne3 {[%clk 0:13:57]} Bh6
{[%clk 0:15:44]} 18. d5 {[%clk 0:13:17]} Bh3 {[%clk 0:15:01]} 19. Rc2
{[%clk 0:12:53]} Qd7 {[%clk 0:14:49]} 20. c4 {[%clk 0:12:08]} h4 {[%clk 0:13:59]}
21. Qd3 {[%clk 0:11:04]} a6 {[%clk 0:13:40]} 22. b4 {[%clk 0:09:35]} hxg3
{[%clk 0:13:11]} 23. fxg3 {[%clk 0:09:17]} Qa7 {[%clk 0:12:11]} 24. Kh1
{[%clk 0:08:46]} cxb4 {[%clk 0:12:12]} 25. axb4 {[%clk 0:08:41]} Bxe3
{[%clk 0:11:47]} 26. Qxe3 {[%clk 0:08:36]} Qxe3 {[%clk 0:11:29]} 27. Rxe3
{[%clk 0:08:45]} bxc4 {[%clk 0:11:27]} 28. Rec3 {[%clk 0:08:37]} Bf1
{[%clk 0:11:19]} 29. Be2 {[%clk 0:07:01]} Bxe2 {[%clk 0:11:20]} 30. Rxe2
{[%clk 0:07:09]} Rc7 {[%clk 0:11:15]} 31. Kg2 {[%clk 0:07:11]} Nd7
{[%clk 0:10:40]} 32. Ra3 {[%clk 0:06:57]} Ra8 {[%clk 0:10:23]} 33. Bc3
{[%clk 0:06:34]} f5 {[%clk 0:09:56]} 34. Rea2 {[%clk 0:05:48]} Nf6
{[%clk 0:09:51]} 35. exf5 {[%clk 0:04:47]} gxf5 {[%clk 0:09:21]} 36. b5
{[%clk 0:00:44]} Nxd5 {[%clk 0:09:00]} 37. bxa6 {[%clk 0:00:44]} Nxc3
{[%clk 0:08:13]} 38. Rxc3 {[%clk 0:00:51]} Kf7 {[%clk 0:07:50]} 39. Ra4
{[%clk 0:00:51]} d5 {[%clk 0:07:25]} 0-1

[Event "euyr2018"]
[Site "?"]
[Date "2018.05.27"]
[Round "9.3"]
[White "Panko, Eduard"]
[Black "Sandor, Martin"]
[Result "1/2-1/2"]
[BlackElo "1711"]
[WhiteElo "1776"]
[LiveChessVersion "1.4.8"]

1. c4 {[%clk 0:20:18]} e6 {[%clk 0:20:18]} 2. b3 {[%clk 0:20:21]} Nf6
{[%clk 0:20:27]} 3. Bb2 {[%clk 0:20:30]} Be7 {[%clk 0:20:25]} 4. g3
{[%clk 0:20:11]} d5 {[%clk 0:20:33]} 5. Nf3 {[%clk 0:19:36]} b6 {[%clk 0:19:42]}
6. Bg2 {[%clk 0:19:05]} Bb7 {[%clk 0:19:51]} 7. O-O {[%clk 0:18:25]} O-O
{[%clk 0:19:57]} 8. d3 {[%clk 0:18:00]} Nbd7 {[%clk 0:19:06]} 9. Nbd2
{[%clk 0:17:17]} c5 {[%clk 0:18:45]} 10. d4 {[%clk 0:16:10]} Rc8 {[%clk 0:17:46]}
11. Rc1 {[%clk 0:15:03]} cxd4 {[%clk 0:16:23]} 1/2-1/2

[Event "euyr2018"]
[Site "?"]
[Date "2018.05.27"]
[Round "9.4"]
[White "Leszko, Bence"]
[Black "Pribylova, Sofie"]
[Result "1-0"]
[BlackElo "1950"]
[WhiteElo "1701"]
[LiveChessVersion "1.4.8"]

1. Nf3 {[%clk 0:20:18]} Nf6 {[%clk 0:20:13]} 2. g3 {[%clk 0:20:28]} g6
{[%clk 0:20:14]} 3. Bg2 {[%clk 0:20:37]} d5 {[%clk 0:20:19]} 4. d4
{[%clk 0:20:43]} Bg7 {[%clk 0:20:27]} 5. O-O {[%clk 0:20:51]} O-O
{[%clk 0:20:26]} 6. c4 {[%clk 0:21:00]} dxc4 {[%clk 0:19:36]} 7. Na3
{[%clk 0:21:09]} c3 {[%clk 0:18:52]} 8. bxc3 {[%clk 0:21:18]} c5 {[%clk 0:18:52]}
9. e3 {[%clk 0:20:52]} Nc6 {[%clk 0:18:36]} 10. Nc4 {[%clk 0:20:48]} Be6
{[%clk 0:17:45]} 11. Nce5 {[%clk 0:20:30]} Nxe5 {[%clk 0:17:14]} 12. Nxe5
{[%clk 0:20:26]} Bd5 {[%clk 0:17:03]} 13. f3 {[%clk 0:19:43]} cxd4
{[%clk 0:16:52]} 14. cxd4 {[%clk 0:19:46]} b6 {[%clk 0:16:10]} 15. e4
{[%clk 0:19:25]} Bb7 {[%clk 0:16:15]} 16. Bb2 {[%clk 0:18:38]} Rc8
{[%clk 0:15:35]} 17. Bh3 {[%clk 0:18:15]} Rc7 {[%clk 0:15:25]} 18. Qb3
{[%clk 0:17:54]} Bc8 {[%clk 0:14:43]} 19. Bg2 {[%clk 0:17:25]} Ba6
{[%clk 0:14:33]} 20. Rfc1 {[%clk 0:16:50]} Bb7 {[%clk 0:14:15]} 21. Rxc7
{[%clk 0:16:53]} Qxc7 {[%clk 0:14:22]} 22. Rc1 {[%clk 0:17:02]} Qd6
{[%clk 0:13:33]} 23. Qe3 {[%clk 0:14:41]} Rd8 {[%clk 0:12:08]} 24. Nc4
{[%clk 0:13:46]} Qd7 {[%clk 0:10:22]} 25. Qb3 {[%clk 0:12:52]} e6
{[%clk 0:10:14]} 26. Ne5 {[%clk 0:12:53]} Qd6 {[%clk 0:09:23]} 27. Rd1
{[%clk 0:12:25]} Ne8 {[%clk 0:07:38]} 28. Ba3 {[%clk 0:11:26]} Qb8
{[%clk 0:07:07]} 29. Bb2 {[%clk 0:10:20]} Qd6 {[%clk 0:06:35]} 30. Nc4
{[%clk 0:09:08]} Qd7 {[%clk 0:06:00]} 31. Ne3 {[%clk 0:07:43]} Bc6
{[%clk 0:05:10]} 32. Qd3 {[%clk 0:05:01]} Ba4 {[%clk 0:04:44]} 33. Rd2
{[%clk 0:05:02]} Bb5 {[%clk 0:04:30]} 34. Qb1 {[%clk 0:03:53]} Nd6
{[%clk 0:04:00]} 35. d5 {[%clk 0:03:32]} e5 {[%clk 0:02:51]} 36. Ng4
{[%clk 0:01:54]} Nc4 {[%clk 0:02:45]} 37. Rd1 {[%clk 0:01:31]} h5
{[%clk 0:02:40]} 38. Nf2 {[%clk 0:01:39]} Nxb2 {[%clk 0:02:06]} 39. Qxb2
{[%clk 0:01:47]} Ba6 {[%clk 0:01:45]} 40. Bf1 {[%clk 0:01:49]} Bxf1
{[%clk 0:01:27]} 41. Rxf1 {[%clk 0:01:58]} Rc8 {[%clk 0:01:32]} 42. Rc1
{[%clk 0:01:58]} Rc7 {[%clk 0:01:10]} 43. Nd3 {[%clk 0:01:58]} Qc8
{[%clk 0:00:51]} 44. Rxc7 {[%clk 0:01:30]} Qxc7 {[%clk 0:01:01]} 45. Qc1
{[%clk 0:01:24]} Qxc1+ 46. Nxc1 {[%clk 0:01:33]} Bh6 {[%clk 0:00:59]} 47. Nd3
{[%clk 0:01:32]} Be3+ {[%clk 0:00:57]} 48. Kf1 {[%clk 0:01:42]} Bd4
{[%clk 0:00:36]} 49. Nb4 {[%clk 0:01:45]} Bc3 {[%clk 0:00:17]} 50. Nc6
{[%clk 0:01:51]} Kf8 {[%clk 0:00:13]} 51. Nxa7 {[%clk 0:01:57]} Ke7
{[%clk 0:00:13]} 52. Ke2 {[%clk 0:02:04]} Ba5 {[%clk 0:00:15]} 53. Nc6+
{[%clk 0:04:20]} Kd6 {[%clk 0:00:28]} 54. Nxa5 {[%clk 0:04:24]} bxa5
{[%clk 0:00:38]} 55. Kd3 {[%clk 0:04:30]} Kc5 {[%clk 0:00:42]} 56. Kc3
{[%clk 0:04:04]} f5 {[%clk 0:00:46]} 57. a4 {[%clk 0:03:58]} g5 {[%clk 0:00:16]}
58. h3 {[%clk 0:03:35]} g4 {[%clk 0:00:15]} 59. fxg4 {[%clk 0:03:14]} hxg4
{[%clk 0:00:12]} 60. h4 {[%clk 0:02:10]} f4 {[%clk 0:00:15]} 61. Kd3
{[%clk 0:02:14]} fxg3 {[%clk 0:00:18]} 62. Ke3 {[%clk 0:02:12]} Kd6
{[%clk 0:00:22]} 63. h5 {[%clk 0:02:21]} Ke7 {[%clk 0:00:25]} 64. h6
{[%clk 0:02:28]} 1-0

[Event "euyr2018"]
[Site "?"]
[Date "2018.05.27"]
[Round "9.5"]
[White "Slaba, Andrea"]
[Black "Jakab, Bela"]
[Result "0-1"]
[BlackElo "1850"]
[WhiteElo "1677"]
[LiveChessVersion "1.4.8"]

1. Nf3 {[%clk 0:20:19]} Nf6 {[%clk 0:20:18]} 2. g3 {[%clk 0:20:26]} e6
{[%clk 0:20:13]} 3. Bg2 {[%clk 0:20:34]} Be7 {[%clk 0:20:21]} 4. O-O
{[%clk 0:20:42]} O-O {[%clk 0:20:29]} 5. d4 {[%clk 0:20:50]} d5 {[%clk 0:20:38]}
6. Nbd2 {[%clk 0:20:55]} Nbd7 {[%clk 0:20:43]} 7. c4 {[%clk 0:20:56]} dxc4
{[%clk 0:20:29]} 8. Nxc4 {[%clk 0:21:04]} Nb6 {[%clk 0:20:38]} 9. Nce5
{[%clk 0:21:07]} Nfd7 {[%clk 0:20:20]} 10. Nxd7 {[%clk 0:21:02]} Bxd7
{[%clk 0:20:22]} 11. Ne5 {[%clk 0:21:09]} c6 {[%clk 0:20:28]} 12. e4
{[%clk 0:21:02]} Rc8 {[%clk 0:20:30]} 13. Be3 {[%clk 0:20:54]} Be8 14. b3
{[%clk 0:20:45]} f6 {[%clk 0:20:18]} 15. Nd3 {[%clk 0:20:32]} Bf7
{[%clk 0:20:11]} 16. f4 {[%clk 0:19:59]} Qc7 {[%clk 0:19:55]} 17. Qf3
{[%clk 0:19:32]} Rcd8 {[%clk 0:19:46]} 18. Rfd1 {[%clk 0:18:58]} Bg6
{[%clk 0:19:09]} 19. Nc5 {[%clk 0:18:58]} Bf7 {[%clk 0:18:44]} 20. Bh3
{[%clk 0:18:53]} Qc8 {[%clk 0:16:41]} 21. Rac1 {[%clk 0:18:42]} f5
{[%clk 0:16:42]} 22. a4 {[%clk 0:17:51]} Nd7 {[%clk 0:15:58]} 23. Nxd7
{[%clk 0:16:12]} Qxd7 {[%clk 0:16:06]} 24. Rd2 {[%clk 0:14:22]} Bb4
{[%clk 0:16:01]} 25. Rdd1 {[%clk 0:14:28]} fxe4 {[%clk 0:15:31]} 26. Qxe4
{[%clk 0:14:35]} Qd5 {[%clk 0:15:39]} 27. Qc2 {[%clk 0:14:04]} Bh5
{[%clk 0:14:56]} 28. Rf1 {[%clk 0:13:50]} Bf7 {[%clk 0:14:33]} 29. Bg2
{[%clk 0:13:51]} Qf5 {[%clk 0:14:22]} 30. Be4 {[%clk 0:13:51]} Qh3
{[%clk 0:14:28]} 31. Bg2 {[%clk 0:13:59]} Qh6 {[%clk 0:14:22]} 32. Qc4
{[%clk 0:13:38]} a5 {[%clk 0:14:18]} 33. Qe2 {[%clk 0:13:19]} Qf6
{[%clk 0:14:19]} 34. Qc2 {[%clk 0:12:49]} Bg6 {[%clk 0:14:08]} 35. Be4
{[%clk 0:12:33]} Bf5 {[%clk 0:14:17]} 36. Bf2 {[%clk 0:11:54]} Qg6
{[%clk 0:14:13]} 37. Bxf5 {[%clk 0:12:01]} exf5 {[%clk 0:14:22]} 38. Qc4+
{[%clk 0:12:03]} Qf7 {[%clk 0:14:12]} 39. Rfd1 {[%clk 0:11:34]} Rfe8
{[%clk 0:13:54]} 40. Kf1 {[%clk 0:11:05]} Rd5 {[%clk 0:13:58]} 41. Be1
{[%clk 0:08:52]} Ba3 {[%clk 0:11:09]} 42. Rb1 {[%clk 0:08:12]} Qh5
{[%clk 0:11:08]} 43. Rd2 {[%clk 0:07:13]} Qf3+ {[%clk 0:10:56]} 44. Kg1
{[%clk 0:06:58]} Bb4 {[%clk 0:10:36]} 45. Rd3 {[%clk 0:06:42]} Re3
{[%clk 0:09:19]} 46. Rxe3 {[%clk 0:06:24]} Qxe3+ 47. Bf2 Qe4 {[%clk 0:09:22]} 48.
Rb2 {[%clk 0:06:08]} h5 {[%clk 0:09:03]} 49. Re2 {[%clk 0:06:16]} Qb1+
{[%clk 0:09:00]} 50. Kg2 {[%clk 0:06:24]} Kh7 {[%clk 0:08:45]} 51. Re5
{[%clk 0:06:04]} h4 {[%clk 0:07:19]} 52. gxh4 {[%clk 0:05:14]} Rd6
{[%clk 0:06:19]} 53. Re6 {[%clk 0:05:00]} Qd1 {[%clk 0:06:06]} 54. Rxd6
{[%clk 0:04:23]} Bxd6 {[%clk 0:06:15]} 55. Bg3 {[%clk 0:03:28]} Qd2+
{[%clk 0:06:19]} 56. Kf3 {[%clk 0:03:29]} Qd1+ {[%clk 0:05:51]} 57. Kg2
{[%clk 0:03:38]} Qg4 {[%clk 0:05:40]} 58. Qf1 {[%clk 0:03:15]} Qg6
{[%clk 0:05:38]} 59. Qd3 {[%clk 0:02:59]} Bxf4 {[%clk 0:05:41]} 60. d5
{[%clk 0:02:17]} cxd5 {[%clk 0:03:55]} 61. Qxd5 {[%clk 0:02:25]} b6
{[%clk 0:03:59]} 62. Qf3 {[%clk 0:02:00]} Bd6 {[%clk 0:03:28]} 63. h5
{[%clk 0:02:05]} Qg5 {[%clk 0:03:35]} 64. Kh3 {[%clk 0:01:42]} Be7
{[%clk 0:02:59]} 65. Qf4 {[%clk 0:01:03]} Qf6 {[%clk 0:02:49]} 66. Qc4
{[%clk 0:00:47]} Qg5 {[%clk 0:02:52]} 67. Qf4 {[%clk 0:00:56]} Qxh5+
{[%clk 0:03:01]} 68. Kg2 {[%clk 0:01:04]} Qe2+ {[%clk 0:03:02]} 69. Kh3
{[%clk 0:01:13]} Qe6 {[%clk 0:02:58]} 70. Kg2 {[%clk 0:00:59]} g5
{[%clk 0:02:46]} 71. Qf3 {[%clk 0:01:03]} Kg6 {[%clk 0:02:42]} 72. Bf2
{[%clk 0:01:07]} f4 {[%clk 0:02:38]} 73. Qb7 {[%clk 0:00:45]} Bd8
{[%clk 0:02:09]} 74. Qa8 {[%clk 0:00:39]} Qf6 {[%clk 0:01:57]} 75. Qe4+
{[%clk 0:00:44]} Kh6 {[%clk 0:02:04]} 76. Bd4 {[%clk 0:00:45]} Qg6
{[%clk 0:01:58]} 77. Qe5 {[%clk 0:00:44]} Qg8 {[%clk 0:01:22]} 78. Qd6+
{[%clk 0:00:50]} Kh5 {[%clk 0:01:31]} 79. Bf2 {[%clk 0:00:40]} Qe8
{[%clk 0:01:13]} 80. Qd1+ {[%clk 0:00:43]} Kg6 {[%clk 0:01:22]} 81. Qd6+
{[%clk 0:00:51]} Kf5 {[%clk 0:01:30]} 82. Qd3+ {[%clk 0:00:54]} Qe4+
{[%clk 0:01:38]} 83. Qxe4+ {[%clk 0:01:00]} Kxe4 {[%clk 0:01:47]} 84. Kh3
{[%clk 0:01:05]} Kf3 {[%clk 0:01:56]} 85. Be1 {[%clk 0:01:12]} g4#
{[%clk 0:01:57]} 0-1

[Event "euyr2018"]
[Site "?"]
[Date "2018.05.27"]
[Round "9.6"]
[White "Verbovsky, Michal"]
[Black "Ferkova, Dominika"]
[Result "1/2-1/2"]
[BlackElo "1759"]
[WhiteElo "1729"]
[LiveChessVersion "1.4.8"]

1. b3 {[%clk 0:20:06]} d5 {[%clk 0:20:14]} 2. Bb2 {[%clk 0:20:14]} c5
{[%clk 0:20:23]} 3. f4 {[%clk 0:20:21]} Nc6 {[%clk 0:20:23]} 4. e3
{[%clk 0:20:28]} e6 {[%clk 0:20:27]} 5. Nf3 {[%clk 0:20:36]} Nf6 {[%clk 0:20:23]}
6. Bb5 {[%clk 0:20:36]} Bd7 {[%clk 0:20:27]} 7. O-O {[%clk 0:20:22]} Be7
{[%clk 0:19:18]} 8. d3 {[%clk 0:20:17]} O-O {[%clk 0:19:22]} 9. Bxc6
{[%clk 0:20:03]} Bxc6 {[%clk 0:19:25]} 10. Nbd2 {[%clk 0:20:09]} Ng4
{[%clk 0:18:40]} 11. Qe1 {[%clk 0:19:25]} Bf6 {[%clk 0:17:24]} 12. Ne5
{[%clk 0:12:30]} Bxe5 {[%clk 0:16:09]} 13. fxe5 {[%clk 0:12:08]} Qg5
{[%clk 0:16:07]} 14. Rf3 {[%clk 0:09:52]} d4 {[%clk 0:14:55]} 15. e4
{[%clk 0:09:35]} Nxe5 {[%clk 0:10:16]} 16. Rg3 {[%clk 0:09:11]} Qf4
{[%clk 0:08:47]} 17. Nc4 {[%clk 0:07:29]} 1/2-1/2

[Event "euyr2018"]
[Site "?"]
[Date "2018.05.27"]
[Round "9.7"]
[White "Gzib, David"]
[Black "Kardis, Benjamin"]
[Result "1/2-1/2"]
[BlackElo "1688"]
[WhiteElo "1686"]
[LiveChessVersion "1.4.8"]

1. e4 {[%clk 0:20:18]} Nc6 {[%clk 0:20:17]} 2. d4 {[%clk 0:20:10]} d5
{[%clk 0:20:26]} 3. e5 {[%clk 0:19:20]} Bf5 {[%clk 0:20:34]} 4. c3
{[%clk 0:18:41]} e6 {[%clk 0:20:37]} 5. Nf3 {[%clk 0:18:29]} Nge7
{[%clk 0:20:37]} 6. Bd3 {[%clk 0:18:22]} Bg6 {[%clk 0:20:38]} 7. Bg5
{[%clk 0:18:06]} Qd7 {[%clk 0:20:18]} 8. Bxe7 {[%clk 0:17:57]} Bxe7
{[%clk 0:20:23]} 9. O-O {[%clk 0:17:46]} O-O {[%clk 0:20:25]} 10. Bxg6
{[%clk 0:17:16]} hxg6 {[%clk 0:20:33]} 11. Nbd2 {[%clk 0:17:14]} Na5
{[%clk 0:20:06]} 12. Nb3 {[%clk 0:16:50]} Nc4 {[%clk 0:20:02]} 13. Qc2
{[%clk 0:16:44]} Rac8 {[%clk 0:19:56]} 14. Nfd2 {[%clk 0:16:15]} c5
{[%clk 0:19:31]} 15. Nxc4 {[%clk 0:13:13]} dxc4 {[%clk 0:19:39]} 16. Nxc5
{[%clk 0:13:21]} Bxc5 {[%clk 0:19:47]} 17. dxc5 {[%clk 0:13:29]} Rxc5
{[%clk 0:19:56]} 18. Rad1 {[%clk 0:11:40]} Rd5 {[%clk 0:20:02]} 19. Rxd5
{[%clk 0:11:13]} Qxd5 {[%clk 0:20:10]} 20. Qa4 {[%clk 0:10:42]} b5
{[%clk 0:18:50]} 21. Qa5 {[%clk 0:07:19]} Qxe5 {[%clk 0:18:27]} 22. Qxa7
{[%clk 0:07:10]} Qd5 {[%clk 0:18:29]} 23. Qb6 {[%clk 0:06:23]} Rd8
{[%clk 0:18:03]} 1/2-1/2

[Event "euyr2018"]
[Site "?"]
[Date "2018.05.27"]
[Round "9.8"]
[White "Kralova, Gabriela"]
[Black "Viczencz, Peter"]
[Result "1/2-1/2"]
[BlackElo "1731"]
[WhiteElo "1311"]
[LiveChessVersion "1.4.8"]

1. d4 {[%clk 0:20:18]} c5 {[%clk 0:20:19]} 2. c3 {[%clk 0:20:22]} e6
{[%clk 0:20:25]} 3. Nf3 {[%clk 0:20:27]} Nf6 {[%clk 0:20:34]} 4. Bf4
{[%clk 0:20:23]} d5 {[%clk 0:20:33]} 5. e3 {[%clk 0:20:19]} Bd6 {[%clk 0:20:35]}
6. Bxd6 {[%clk 0:20:00]} Qxd6 {[%clk 0:20:42]} 7. Nbd2 {[%clk 0:20:07]} O-O
{[%clk 0:20:47]} 8. Bd3 {[%clk 0:19:58]} c4 {[%clk 0:20:51]} 9. Bc2
{[%clk 0:19:50]} Bd7 {[%clk 0:20:51]} 10. O-O {[%clk 0:19:51]} Nc6
{[%clk 0:20:46]} 11. b3 {[%clk 0:19:29]} b5 {[%clk 0:20:54]} 12. Qe2
{[%clk 0:17:37]} a5 {[%clk 0:19:38]} 13. e4 {[%clk 0:17:09]} Qc7 {[%clk 0:19:34]}
14. e5 {[%clk 0:16:27]} Ne8 {[%clk 0:19:42]} 15. Ng5 {[%clk 0:14:15]} h6
{[%clk 0:19:35]} 16. Qh5 {[%clk 0:12:56]} f5 {[%clk 0:19:31]} 17. Nh3
{[%clk 0:11:58]} Ne7 {[%clk 0:18:33]} 18. f4 {[%clk 0:10:48]} cxb3
{[%clk 0:18:29]} 19. Nxb3 {[%clk 0:08:42]} Qxc3 {[%clk 0:18:29]} 20. Qd1
{[%clk 0:07:39]} a4 {[%clk 0:15:39]} 21. Nc5 {[%clk 0:07:27]} Bc8
{[%clk 0:15:38]} 22. Rf3 {[%clk 0:05:35]} Qa5 {[%clk 0:15:39]} 23. a3
{[%clk 0:05:01]} Nc7 {[%clk 0:14:55]} 24. Rb1 {[%clk 0:04:13]} Na6
{[%clk 0:14:59]} 25. Bd3 {[%clk 0:03:31]} Nxc5 {[%clk 0:14:55]} 26. Rxb5
{[%clk 0:02:50]} Qa7 {[%clk 0:12:58]} 27. Rxc5 {[%clk 0:02:49]} Rb8
{[%clk 0:13:07]} 28. Bc2 {[%clk 0:02:27]} Bd7 {[%clk 0:13:13]} 29. Rfc3 Rfc8
{[%clk 0:13:01]} 30. Nf2 {[%clk 0:01:49]} Rxc5 {[%clk 0:12:43]} 31. Rxc5
{[%clk 0:01:53]} Bb5 {[%clk 0:11:51]} 32. Nd3 {[%clk 0:01:50]} Bc4
{[%clk 0:10:19]} 33. Nb4 {[%clk 0:01:56]} Ra8 {[%clk 0:10:20]} 34. Bd3
{[%clk 0:01:48]} Bb3 {[%clk 0:10:29]} 35. Bc2 {[%clk 0:01:53]} Ng6
{[%clk 0:10:06]} 36. Bxb3 {[%clk 0:01:48]} axb3 {[%clk 0:10:15]} 37. Qxb3
{[%clk 0:01:54]} Qxa3 {[%clk 0:10:24]} 38. Qxa3 {[%clk 0:01:26]} Rxa3
{[%clk 0:10:33]} 39. Rc8+ {[%clk 0:01:35]} Nf8 {[%clk 0:09:58]} 40. g3
{[%clk 0:01:37]} g5 {[%clk 0:10:01]} 41. fxg5 {[%clk 0:01:30]} hxg5
{[%clk 0:10:10]} 42. Nc6 {[%clk 0:01:11]} Rd3 {[%clk 0:10:06]} 43. Kf2
{[%clk 0:01:10]} Rd2+ {[%clk 0:10:15]} 44. Kg1 {[%clk 0:01:18]} Kf7
{[%clk 0:10:10]} 45. Rc7+ {[%clk 0:01:10]} Kg6 {[%clk 0:09:54]} 46. Rc8
{[%clk 0:01:08]} Kg7 {[%clk 0:09:26]} 47. Rc7+ {[%clk 0:01:15]} Kh6
{[%clk 0:09:34]} 48. Rf7 {[%clk 0:01:09]} Rc2 {[%clk 0:09:33]} 49. Rf6+
{[%clk 0:01:01]} Kg7 {[%clk 0:09:38]} 50. Nd8 {[%clk 0:01:03]} Rc4
{[%clk 0:09:38]} 51. Rf7+ {[%clk 0:01:11]} Kg8 {[%clk 0:09:46]} 52. Rf6
{[%clk 0:01:06]} Rxd4 {[%clk 0:09:52]} 53. Nxe6 {[%clk 0:01:14]} Nxe6
{[%clk 0:10:01]} 54. Rxe6 {[%clk 0:01:22]} Re4 {[%clk 0:10:06]} 55. Rg6+
{[%clk 0:01:30]} Kf7 {[%clk 0:10:16]} 56. Rxg5 {[%clk 0:01:31]} Rxe5
{[%clk 0:10:25]} 57. g4 {[%clk 0:01:33]} Kf6 {[%clk 0:10:28]} 58. Rxf5+
{[%clk 0:01:26]} Rxf5 {[%clk 0:10:37]} 59. gxf5 {[%clk 0:01:34]} Kxf5
{[%clk 0:10:46]} 60. Kf2 {[%clk 0:01:38]} 1/2-1/2

[Event "euyr2018"]
[Site "?"]
[Date "2018.05.27"]
[Round "9.9"]
[White "Antal, Jakub"]
[Black "Varga, Lukas"]
[Result "1/2-1/2"]
[BlackElo "1646"]
[WhiteElo "1568"]
[LiveChessVersion "1.4.8"]

1. d4 {[%clk 0:19:29]} Nf6 {[%clk 0:20:17]} 2. Nf3 {[%clk 0:19:17]} g6
{[%clk 0:20:05]} 3. Bf4 {[%clk 0:18:53]} c5 {[%clk 0:19:59]} 4. c3
{[%clk 0:18:12]} cxd4 {[%clk 0:19:36]} 5. cxd4 {[%clk 0:18:13]} Bg7
{[%clk 0:18:58]} 6. Nc3 {[%clk 0:16:43]} O-O {[%clk 0:17:53]} 7. h3
{[%clk 0:13:22]} d5 {[%clk 0:16:08]} 8. e3 {[%clk 0:11:49]} Nc6 {[%clk 0:15:04]}
9. Rc1 {[%clk 0:08:05]} Qb6 {[%clk 0:13:50]} 10. b3 {[%clk 0:06:44]} Bf5
{[%clk 0:11:40]} 11. Bd3 {[%clk 0:03:10]} Bxd3 {[%clk 0:11:15]} 12. Qxd3
{[%clk 0:03:13]} Nb4 {[%clk 0:10:51]} 13. Qe2 {[%clk 0:02:41]} Ne4
{[%clk 0:10:13]} 14. O-O {[%clk 0:01:02]} Rac8 {[%clk 0:09:47]} 15. Nxe4
{[%clk 0:00:25]} dxe4 {[%clk 0:09:43]} 16. Ne5 {[%clk 0:00:34]} Bxe5
{[%clk 0:08:52]} 17. Bxe5 {[%clk 0:00:26]} Qa5 {[%clk 0:07:58]} 18. a4
{[%clk 0:00:16]} Nd3 {[%clk 0:07:51]} 19. Rc2 {[%clk 0:00:14]} Nxe5
{[%clk 0:07:25]} 20. dxe5 {[%clk 0:00:23]} Qxe5 {[%clk 0:07:00]} 21. Rfc1
{[%clk 0:00:25]} Rxc2 {[%clk 0:07:04]} 22. Qxc2 {[%clk 0:00:28]} Rd8
{[%clk 0:06:45]} 23. Rd1 {[%clk 0:00:16]} Rxd1+ {[%clk 0:03:25]} 24. Qxd1
{[%clk 0:00:25]} Qd6 {[%clk 0:02:59]} 25. Qc2 {[%clk 0:00:20]} Qc6
{[%clk 0:03:08]} 26. Qd1 {[%clk 0:00:12]} Kg7 {[%clk 0:02:27]} 27. Qd4+
{[%clk 0:00:16]} Kh6 {[%clk 0:02:23]} 28. Qxa7 {[%clk 0:00:19]} Qc1+
{[%clk 0:02:15]} 29. Kh2 {[%clk 0:00:28]} Qc7+ {[%clk 0:02:10]} 30. Kg1
{[%clk 0:00:36]} Qc1+ {[%clk 0:02:18]} 31. Qd4 1/2-1/2

[Event "euyr2018"]
[Site "?"]
[Date "2018.05.27"]
[Round "9.10"]
[White "Walterova, Ema"]
[Black "Nehyba, Martin"]
[Result "0-1"]
[BlackElo "1966"]
[WhiteElo "1518"]
[LiveChessVersion "1.4.8"]

1. e4 {[%clk 0:20:19]} c5 {[%clk 0:20:07]} 2. Nf3 {[%clk 0:20:27]} Nc6
{[%clk 0:20:15]} 3. d4 {[%clk 0:20:33]} cxd4 {[%clk 0:20:23]} 4. Nxd4
{[%clk 0:20:42]} Nf6 {[%clk 0:20:29]} 5. Nc3 {[%clk 0:20:50]} e5 {[%clk 0:20:38]}
6. Nf5 {[%clk 0:20:48]} d5 {[%clk 0:20:11]} 7. Ng3 {[%clk 0:20:56]} d4
{[%clk 0:20:12]} 8. Nce2 {[%clk 0:20:43]} Bg4 {[%clk 0:19:53]} 9. f3
{[%clk 0:20:51]} Be6 {[%clk 0:19:59]} 10. Bg5 {[%clk 0:20:31]} Be7
{[%clk 0:20:01]} 11. Bd2 {[%clk 0:19:46]} Qb6 {[%clk 0:20:07]} 12. b3
{[%clk 0:18:58]} h5 {[%clk 0:19:30]} 13. h4 {[%clk 0:18:25]} O-O-O
{[%clk 0:19:26]} 14. f4 {[%clk 0:18:15]} Ng4 {[%clk 0:18:38]} 15. Ng1
{[%clk 0:14:15]} d3 {[%clk 0:18:16]} 16. Nh3 {[%clk 0:14:22]} dxc2
{[%clk 0:18:05]} 17. Qxc2 {[%clk 0:14:21]} Rxd2 {[%clk 0:18:11]} 18. Kxd2
{[%clk 0:11:34]} Qe3+ {[%clk 0:18:19]} 0-1

[Event "euyr2018"]
[Site "?"]
[Date "2018.05.27"]
[Round "9.11"]
[White "Taragelova, Martina"]
[Black "Budzak, Tobias"]
[Result "1-0"]
[BlackElo "1418"]
[WhiteElo "1615"]
[LiveChessVersion "1.4.8"]

1. e4 {[%clk 0:20:18]} e5 {[%clk 0:20:19]} 2. Nf3 {[%clk 0:20:26]} Nc6
{[%clk 0:20:27]} 3. d4 {[%clk 0:20:33]} exd4 {[%clk 0:20:36]} 4. Nxd4
{[%clk 0:20:41]} Bc5 {[%clk 0:20:44]} 5. Be3 {[%clk 0:20:48]} Bxd4
{[%clk 0:20:50]} 6. Bxd4 {[%clk 0:20:55]} Nxd4 {[%clk 0:20:58]} 7. Qxd4
{[%clk 0:21:02]} Qf6 {[%clk 0:21:07]} 8. e5 {[%clk 0:20:23]} Qg6 {[%clk 0:20:48]}
9. Qc4 {[%clk 0:19:15]} Qb6 {[%clk 0:19:59]} 10. Qc3 {[%clk 0:17:28]} Ne7
{[%clk 0:19:49]} 11. Bc4 {[%clk 0:16:44]} O-O {[%clk 0:17:08]} 12. O-O
{[%clk 0:16:40]} Nc6 {[%clk 0:16:56]} 13. Nd2 {[%clk 0:14:39]} a6
{[%clk 0:16:26]} 14. Nf3 {[%clk 0:13:55]} Qc5 {[%clk 0:16:05]} 1-0